000 00712nam a2200229Ia 4500
008 191130s2008##################000#0#eng##
020 _a9781412947527
040 _aACL
_cACL
082 _a324.9 ARZ.2
245 _aElectoral behavior
_cedited by Kai Arzheimer and Jocelyn Evans
260 _aThousand Oaks, CA
_bSAGE
_c2008
300 _a4 v. : ill. ; 25 cm
500 _aIncludes bibliographical references
650 _aVoting registers
650 _aVoting registers - United States
650 _aVoting--Mathematical models
700 _aArzheimer, Kai
700 _aEvans, Jocelyn
990 _a42a57d58ac10000c630ae6092092f2c4
991 _a159749
999 _c257086
_d257086